000 00871nam0a22002531 4500
001 rc\4188084
005 20250611124240.0
021 _aRU
_b[50-34640]
035 _a(NLR Aleph) 008194732
090 _a7998472
_c7998472
100 _a20130415d1950 |||y0rusy50 ca
101 0 _arus
102 _aRU
105 _aa z |||||
200 1 _aЭлементы радиотехники
_e[Учеб. пособие для техникумов]
_fПод ред. А.М. Бройде
210 _aМосква
_aЛенинград
_cИзд-во и тип. Госэнергоиздата в М.
_d1950
215 _a416 с.
_cил.
_d23
606 _aРадиотехника
_jУчебники и пособия
_2psbo
702 1 _aБройде
_bА.М.
_4340
801 0 _aRU
_bNLR
_gpsbo
801 1 _aRU
_bELAR
_2rusmarc
852 _aNLR
_jТ94 Г-5/228
942 _cBOOK
980 _aNB